Statistics for Top Tourist Source Countries to China

Click here to take the quiz!

General Stats

  • This quiz has been taken 240 times
    (194 since last reset)
  • The average score is 17 of 19

Answer Stats

Country% Correct
France
99%
United States
99%
Japan
98%
South Korea
97%
United Kingdom
96%
India
95%
Russia
95%
Vietnam
95%
Canada
93%
Germany
93%
Malaysia
91%
Australia
90%
Taiwan
90%
Thailand
90%
Indonesia
89%
Singapore
87%
Philippines
86%
Mongolia
66%
Kazakhstan
51%

Score Distribution

Percentile by Number Answered

Percent of People with Each Score

Your Score History

You have not taken this quiz since the last reset